000 00851cam a2200289 i 4500
001 768714001
003 CO-MdBIC
005 20231123123626.0
007 ta
008 231122t1992 -us||||| |||| 00| 0 spa d
020 _a0-311-09132-6
040 _bspa.
_aCO-MdFUSB
_cCO-MdFUSB
_dCO-MdFUSBC
_erda
041 _aspa
082 0 4 _aG 230.09 U75i
100 1 _aUreta, Floreal
_eautor
245 1 0 _aIntroducción a la teología contemporánea
_c/ Floreal Ureta
260 _aEl Paso, TX., USA : Mundo Hispano
264 1 _aEl Paso, TX., USA : Mundo Hispano
_bMundo Hispano,
_c[1992]
264 4 _c©1992
300 _a186 Pag
_c;
336 _atexto
_btxt
_2rdacontent
337 _2rdamedia
_asin mediación
_bn
338 _2rdacarrier
_avolumen
_bnc
650 7 _aTeología dogmática
_2embne
_96945
_yS.XX
942 _cBK
945 _aJohan1477
999 _c34187
_d34187